La leyenda de los escarabajos : (Registro nro. 4030)
[ vista simple ]
| 000 -LEADER | |
|---|---|
| fixed length control field | 01076nam a2200241Ia 4500 |
| 003 - CONTROL NUMBER IDENTIFIER | |
| control field | OSt |
| 005 - DATE AND TIME OF LATEST TRANSACTION | |
| control field | 20200917182157.0 |
| 008 - FIXED-LENGTH DATA ELEMENTS--GENERAL INFORMATION | |
| fixed length control field | 191128s2017 ck ao gr 000 0dspa d |
| 020 ## - INTERNATIONAL STANDARD BOOK NUMBER | |
| International Standard Book Number | 9789585425361 |
| 040 ## - CATALOGING SOURCE | |
| Original cataloging agency | CO-JMCR |
| Transcribing agency | CO-JMCR |
| 041 0# - LANGUAGE CODE | |
| Language code of text/sound track or separate title | spa |
| 082 04 - DEWEY DECIMAL CLASSIFICATION NUMBER | |
| Classification number | 796.609861 / |
| Item number | S586l |
| Edition number | 23 |
| 100 1# - MAIN ENTRY--PERSONAL NAME | |
| Personal name | Silva Guzmán, Mauricio, |
| Relator term | autor |
| 9 (RLIN) | 10436 |
| 245 13 - TITLE STATEMENT | |
| Title | La leyenda de los escarabajos : |
| Remainder of title | 100 grandes momentos del ciclismo colombiano / |
| Statement of responsibility, etc. | Mauricio Silva Guzman |
| 250 ## - EDITION STATEMENT | |
| Edition statement | Primera edición |
| 260 ## - PUBLICATION, DISTRIBUTION, ETC. | |
| Place of publication, distribution, etc. | Bogotá : |
| Name of publisher, distributor, etc. | Aguilar, |
| Date of publication, distribution, etc. | 2017 |
| 300 ## - PHYSICAL DESCRIPTION | |
| Extent | 257 páginas : |
| Other physical details | fotografías a blanco y negro ; |
| Dimensions | 25 cm. |
| 500 ## - GENERAL NOTE | |
| General note | Incluye datos biográficos del autor. |
| 520 3# - SUMMARY, ETC. | |
| Summary, etc. | En Colombia hay dos tipos de escarabajos: los más de setenta y cinco mil coleópteros, y los pedalistas silentes, disciplinados, valientes, combativos y amos de las montañas, cuyas virtudes los han convertido en deportistas de talla mundial. |
| 650 14 - SUBJECT ADDED ENTRY--TOPICAL TERM | |
| Topical term or geographic name entry element | Ciclismo |
| General subdivision | historia |
| Chronological subdivision | Siglos XX-XXI |
| Geographic subdivision | Colombia |
| 9 (RLIN) | 10437 |
| 650 14 - SUBJECT ADDED ENTRY--TOPICAL TERM | |
| Topical term or geographic name entry element | Ciclistas |
| General subdivision | historia |
| Chronological subdivision | Siglos XX-XXI |
| Geographic subdivision | Colombia |
| 9 (RLIN) | 10438 |
| 942 ## - ADDED ENTRY ELEMENTS (KOHA) | |
| Source of classification or shelving scheme | Dewey Decimal Classification |
| Koha item type | Books |
| Withdrawn status | Lost status | Source of classification or shelving scheme | Damaged status | Not for loan | Collection code | Home library | Current library | Date acquired | Source of acquisition | Full call number | Barcode | Date last seen | Copy number | Koha item type |
|---|---|---|---|---|---|---|---|---|---|---|---|---|---|---|
| Dewey Decimal Classification | Non-fiction | Biblioteca Pública José María del Castillo y Rada | Biblioteca Pública José María del Castillo y Rada | Donación | 796.609861 / S586l | 201808824 | 05/16/2024 | EJ.1 | Books |